Catálogo
 En Linea

De libro en libro / (Registro nro. 32326)

Detalles MARC
000 -CABECERA
campo de control de longitud fija 00712nam a2200229 a 4500
001 - NÚMERO DE CONTROL
campo de control 000032835
005 - FECHA Y HORA DE LA ÚLTIMA TRANSACCIÓN
campo de control 20251107110523.0
008 - DATOS DE LONGITUD FIJA--INFORMACIÓN GENERAL
campo de control de longitud fija 110325s1960 dr r 000 0 spa d
040 ## - FUENTE DE LA CATALOGACIÓN
Centro catalogador/agencia de origen DO-SdBNP
Lengua de catalogación spa
Centro/agencia transcriptor BNPHU
082 ## - NÚMERO DE LA CLASIFICACIÓN DECIMAL DEWEY
Número de clasificación 028.9
Número de documento/Ítem H694d
100 1# - ENTRADA PRINCIPAL--NOMBRE DE PERSONA
Nombre de persona Hoepelman, Virgilio
9 (RLIN) 11257
245 10 - MENCIÓN DE TÍTULO
Título De libro en libro /
Mención de responsabilidad, etc. Virgilio Hoepelman.
260 ## - PUBLICACIÓN, DISTRIBUCIÓN, ETC.
Lugar de publicación, distribución, etc. Santo Domingo :
Nombre del editor, distribuidor, etc. Imp. Benemerita,
Fecha de publicación, distribución, etc. 1960.
300 ## - DESCRIPCIÓN FÍSICA
Extensión 38 p. ;
Dimensiones 23 cm.
490 1# - MENCIÓN DE SERIE
Mención de serie De libro en libro
590 ## - NOTA LOCAL (RLIN)
Nota local Inventariado, 2018/MFF
650 #0 - PUNTO DE ACCESO ADICIONAL DE MATERIA--TÉRMINO DE MATERIA
Término de materia o nombre geográfico como elemento de entrada Promoción de la lectura
9 (RLIN) 7321
650 #0 - PUNTO DE ACCESO ADICIONAL DE MATERIA--TÉRMINO DE MATERIA
Término de materia o nombre geográfico como elemento de entrada Libros y lectura
9 (RLIN) 1512
650 #4 - PUNTO DE ACCESO ADICIONAL DE MATERIA--TÉRMINO DE MATERIA
Término de materia o nombre geográfico como elemento de entrada Literatura
Subdivisión general Colecciones
9 (RLIN) 40253
830 #0 - PUNTO DE ACCESO ADICIONAL DE SERIE-TÍTULO UNIFORME
Título uniforme De libro en libro
9 (RLIN) 58632
910 ## - DATOS DE OPCIÓN DEL USUARIO (OCLC)
Datos de opción del usuario Validado. Control de calidad. EMS
Existencias
Estado de retiro Estado de pérdida Restricciones de uso No para préstamo Código de colección Localización permanente Ubicación/localización actual Ubicación en estantería Fecha de adquisición Número de inventario Total de préstamos Signatura topográfica completa Código de barras Fecha visto por última vez Precio válido a partir de Tipo de ítem Koha Nota pública
      Excluido de préstamo Raros y valiosos Patrimonio Dominicano Patrimonio Dominicano Depósito 27.07.2011 LF1   028.9 H694d 32835-10 25.06.2020 25.06.2020 No se presta Perteneció a la biblioteca personal de Martínez Boog.

Con tecnología Koha